zpět

Detail výsledku týmu

Bartolomějka, Kolín

Datum a čas kvízu

32 Celkem bodů Celkový počet nahraných bodů na tomto kvízu bez doplňovacích otázek.
4. Pořadí na kvízu Konečné umístění týmu na tomto kvízu.

Zaznamenané odpovědi

# Otázka Odpověď Body Výsledky
1. Bývalá pražská primátorka Adri... C) detektivní román 1
2. Princ Harry a jeho manželka Me... megxit 1
3. Minulý týden byla zapsána na s... vamberecká (krajka) 0
4. Český forenzní biochemik Jan H... analýza potu 1
5. Pekka Rinne se stal dvanáctým... Nashville Predators 1
6. Rožnovský tým Kačeři vyhrál mo... Dave Gahan 0
7. Která skladba "Depešáků" je ne... Enjoy the Silence 0
8. Podle čeho si tato kapela vybr... B) podle časopisu 1
9. Gary Numan, Ultravox, Devo...... synthpop 0
10. Depešáci ovlivnili řadu hudebn... Shalom 1